African Footballers - Statistics

General Stats
  • This quiz has been taken 20 times
  • The average score is 7 of 29
Answer Stats
Country Club Answer % Correct
Egypt Liverpool FC Mohamed Salah
100%
Senegal Al Nassr Riyadh Sadio Mane
84%
Morocco PSG Achraf Hakimi
63%
Nigeria Galatasaray Victor Osimhen
53%
Cameroon Manchester United Andre Onana
42%
Senegal FC Chelsea Nicolas Jackson
32%
Egypt Manchester City Omar Marmoush
32%
Algeria Al-Ahli Riyad Mahrez
32%
Nigeria Bayer Leverkusen Victor Boniface
32%
Nigeria Atalanta BC Ademola Lookman
26%
Morocco Real Madrid Brahim Diaz
26%
Ghana Athletic Bilbao Inaki Williams
26%
Senegal Al-Hilal Kalidou Koulibaly
21%
Ghana Tottenham Mohammed Kudus
21%
Guinea Borussia Dortmund Serhou Guirassy
21%
Morocco Al-Hilal Bono
16%
Cameroon Manchester United Bryan Mbeumo
16%
Nigeria AC Milan Samuel Chukwueze
16%
Ivory Coast Borussia Dortmund Sebastien Haller
16%
Ivory Coast Al-Ahli Franck Kessie
11%
Ivory Coast AS Roma Evan Ndicka
5%
Senegal Everton Idrissa Gueye
5%
Morocco Manchester United Noussair Mazraoui
5%
Senegal Tottenham Pape Sarr
5%
Algeria Borussia Dortmund Ramy Bensebaini
5%
Senegal Al-Ahli Edouard Mendy
0%
CAR Marseille Geoffrey Kondogbia
0%
Algeria AC Milan Ismael Bennacer
0%
Morocco Fenerbahce Sofyan Ambarat
0%
No matching quizzes found
Score Distribution
Percent of People with Each Score
Percentile by Number Answered
Your Score History
You have not taken this quiz